00453nam a2200181Ia 4500003000400000008004100004040001600045082001600061100002300077245003300100700002100133700002000154260003800174300000900212650000900221650001300230650002800243GCL140319s9999 xx 000 0 eng d aGCL / cGCL04a730.92bM M1 aCHAPUIS, CATHERINE10aMOORE / cCHAPUIS, CATHERINE1 aMONSEL, PHILIPPE1 aPOIGNET, SYLVIE a[S.N] : bCERCLE D' ART ، c1996 a63 P04aARTS04aSCULPTOR04aHENRY MORE, 1614 - 1687